USA Olympic Games Basketball Players since 1992 - Statistics

General Stats
  • This quiz has been taken 349 times
    144 since last reset
  • The average score is 46 of 81
Answer Stats
Player % Correct
LeBron James
97%
Stephen Curry
96%
Kevin Durant
94%
Michael Jordan
94%
Jayson Tatum
90%
Anthony Davis
89%
DeAndre Jordan
89%
Anthony Edwards
88%
Devin Booker
87%
Joel Embiid
87%
Kobe Bryant
85%
Damian Lillard
84%
Carmelo Anthony
83%
Tyrese Haliburton
81%
Bam Adebayo
80%
Kyrie Irving
79%
Draymond Green
77%
Magic Johnson
77%
Scottie Pippen
77%
Derrick White
76%
Chris Paul
75%
Klay Thompson
75%
Karl Malone
74%
Russell Westbrook
74%
John Stockton
73%
James Harden
72%
Jrue Holiday
72%
Larry Bird
72%
Shaquille O'Neal
72%
Dwyane Wade
71%
Keldon Johnson
71%
Jason Kidd
69%
Charles Barkley
67%
David Robinson
66%
Zach LaVine
66%
Kevin Garnett
65%
Khris Middleton
65%
Patrick Ewing
65%
Kyle Lowry
62%
DeMar DeRozan
61%
Tim Duncan
60%
Vince Carter
60%
Gary Payton
59%
Clyde Drexler
58%
Dwight Howard
58%
Paul George
57%
Allen Iverson
54%
Jimmy Butler
54%
Deron Williams
53%
Hakeem Olajuwon
53%
Reggie Miller
51%
Kevin Love
50%
Chris Mullin
49%
DeMarcus Cousins
49%
Ray Allen
48%
Chris Bosh
47%
Amar'e Stoudemire
45%
Penny Hardaway
45%
Tim Hardaway
45%
Alonzo Mourning
36%
Christian Laettner
36%
Steve Smith
31%
Grant Hill
29%
Tyson Chandler
29%
Carlos Boozer
28%
Shawn Marion
26%
Mitch Richmond
24%
Michael Redd
23%
Richard Jefferson
23%
Stephon Marbury
22%
Lamar Odom
20%
Tayshaun Prince
20%
JaVale McGee
18%
Jerami Grant
18%
Allan Houston
17%
Andre Iguodala
17%
Shareef Abdur-Rahim
16%
Emeka Okafor
14%
Antonio McDyess
13%
Harrison Barnes
12%
Vin Baker
12%
No matching quizzes found
Score Distribution
Percent of People with Each Score
Percentile by Number Answered
Your Score History
You have not taken this quiz since the last reset